| 000 | 00378 a2200157 4500 | ||
|---|---|---|---|
| 003 | Nust | ||
| 005 | 20230125114454.0 | ||
| 040 | _cNust | ||
| 082 | _a843.91,SPA | ||
| 100 |
_aSpanner, Harry G _9107620 |
||
| 245 |
_aPierre Louys / _cHarry G Spanner |
||
| 260 |
_aNew York _bLiveright pub _c1935 |
||
| 300 | _axii,742,p.; | ||
| 650 |
_aEnglish Literature _9318 |
||
| 942 |
_2ddc _cBK |
||
| 999 |
_c186081 _d186081 |
||